000 01179nam a2200229 i 4500
001 32980
003 ES-MaACL
005 20251015063049.0
007 t|
008 030131s1907 sp ||||1| spa d
100 1 _aBentabol y Ureta, Horacio,
_d1854-1928
_927784
245 1 0 _aTablas pitagóricas de productos calculados y de pesas, medidas, alquileres, salarios, intereses, cambios, monedas y equivalencias : dispuestas de modo muy expedito para los casos corrientes en las cuentas familiares y para los usos especiales de los industriales, comerciantes, ingenieros, marinos, rentistas y en general de cuantas personas tienen que hacer frecuentes operaciones numéricas /
_cpor Horacio Bentabol y Ureta.
250 _aEd. estereotípica.
260 _aMadrid :
_b[s.n.],
_c1907 (
_fImp. de Arróyare, González y Cía)
300 _aII, 111 p. ;
_c16 cm.
530 _aDisponible en formato digital.
650 7 _aMatemáticas-
_vTablas
_2
_9161090
852 _aES-MaACL
_jB-3798
_cSPB
_zRevisado enlace: 1 de junio 2025
856 4 _uhttp://bdh-rd.bne.es/viewer.vm?id=0000097509&page=1
_yBiblioteca Digital Hispánica
942 _2udc
999 _c32980
_d32980